| 000 | 01105cam a2200337 i 4500 | ||
|---|---|---|---|
| 999 |
_c200443224 _d61436 |
||
| 001 | 1739281 | ||
| 003 | TR-AnTOB | ||
| 005 | 20221003142423.0 | ||
| 007 | ta | ||
| 008 | 210909s1974 fr a i000 0 eng d | ||
| 010 | _a 74186889 | ||
| 015 | _aF*** | ||
| 020 | _a9282110206 | ||
| 040 |
_aDLC _beng _erda _cDLC _dDLC _dTR-AnTOB |
||
| 041 | _aeng | ||
| 043 | _aew----- | ||
| 050 | 0 | 0 |
_aKJC6885 _b.A48 1974 |
| 090 |
_aTOBBK KJC6885 _b.A48 1974 |
||
| 245 | 0 | 0 |
_aEuropean rules concerning road traffic, signs and signals : _bVienna 1968--Geneva 1971-1973. |
| 264 | 1 |
_a[Paris] : _bEuropean Conference of Ministers of Transport, _c1974. |
|
| 300 |
_a177 pages : _billustrations ; _c27 cm |
||
| 336 |
_atext _btxt _2rdacontent |
||
| 337 |
_aunmediated _bn _2rdamedia |
||
| 338 |
_avolume _bnc _2rdacarrier |
||
| 650 | 0 |
_aTraffic regulations _zEurope. _9132348 |
|
| 650 | 0 |
_aTraffic signs and signals _xLaw and legislation _zEurope. _9132327 |
|
| 710 | 2 |
_aEuropean Conference of Ministers of Transport _9130842 |
|
| 942 |
_2z _cBK |
||